000 00983nam a22002417a 4500
999 _c7224
_d7224
003 OSt
005 20231205110849.0
008 190529r20181978spcwr p |||| 0 b0cat|d
017 _aDL B 7603-2018
_bBiblioteca de Catalunya
020 _a9788494813412
040 _aES-BaBC
_bcat
_cCDMR
245 0 2 _aL'Estaca, l'eina del somni
_c/ Jesús A. Vila ; pròleg de Lluís Bassets
250 _aEdició facsímil
260 _aL'Hospitalet :
_bAssociació Foment de la Informació Crítica,
_c2018
300 _a1 vol :
_bil ;
_c30 cm
546 _aEstudi introductori en català, text de la revista en castellà amb alguns textos en català
650 0 7 _aPremsa comarcal
_zCatalunya
_xHistòria
_yS. XX
_xRevistes
_2lemac
_93717
651 7 _aHospitalet de Llobregat (Catalunya)
_xPolítica i govern
_yS. XX
_xRevistes
_2lemac
700 1 _aVila, Jesús A.,
_d1951-
710 2 _aAssociació Foment de la Informació Crítica
710 2 _aCentre d'Estudis de l'Hospitalet
942 _cMON
_2udc